000 00819nam a22002297a 4500
003 UA-OsUOA
001 41953
007 ta
008 20081112b un ||||| |||| 00| 0 ukr d
090 _a050
_bУ45
942 _cNP
040 _aUA-OsUOA
_bukr
_cUA-OsUOA
_dUA-OsUOA
245 _aУкраїнська церква
_bУкраїнсько-американський часопис
300 _a12 с.
955 _a4
041 _aukr
080 _a050
260 _bУПЦ Київського Патрархату в США і Канаді
310 _aберезень-квітень 2008 р. №6-7
650 7 _a050 Серійні публікації. Періодика галузі, Організація та інші типи поєднання (співробітництва)
_2UDC
999 _c440450
_d440450